000 00421nam a2200145Ia 4500
008 210716s2005 xx 000 0 und d
020 _a8174464573
041 _aeng
082 _a519.53 JAIS
100 _aJaisankar, S
245 _aQuantitative techniques for management: computer based problem solving.
_bcomputer based problem solving
250 _a1
260 _aNew Delhi
_bExcel Books
_c2005
300 _avii,318
999 _c201274
_d201274